[Event "III Festival A"]
[Site "Condino ITA"]
[Date "1992.07.25"]
[Round "1"]
[White "Di Fonzo, Valerio"]
[Black "Mosna, Stefano"]
[WhiteElo "1952"]
[BlackElo "2215"]
[Result "0-1"]
[PlyCount "56"]
[EventDate "1992.07.25"]

1. e4 e5 2. Nf3 Nf6 3. Nxe5 d6 4. Nf3 Nxe4 5. d4 d5 6. Bd3 Be7 7. O-O Nc6 8. c3
Bg4 9. Nbd2 f5 10. Qb3 Qd6 11. Qxb7 Rb8 12. Qa6 O-O 13. Be2 Bxf3 14. Nxf3 g5
15. Ne5 Rb6 16. Qd3 Nxe5 17. dxe5 Qxe5 18. c4 Rd8 19. cxd5 Rxd5 20. Qc4 Bc5 21.
Bf3 Rb4 22. Qa6 Nxf2 23. Bxd5+ Kg7 24. Bxg5 Ng4+ 25. Rf2 Bxf2+ 26. Kf1 Rxb2 27.
Bh6+ Nxh6 28. Bf3 Qxh2 0-1

[Event "III Festival A"]
[Site "Condino ITA"]
[Date "1992.07.28"]
[Round "4"]
[White "Mosna, Stefano"]
[Black "Ferretti, Folco"]
[WhiteElo "2215"]
[BlackElo "2270"]
[Result "0-1"]
[PlyCount "76"]
[EventDate "1992.07.25"]

1. e4 Nf6 2. e5 Nd5 3. c4 Nb6 4. c5 Nd5 5. Nc3 e6 6. Nxd5 exd5 7. d4 d6 8. cxd6
cxd6 9. Nf3 Nc6 10. Bd3 Bg4 11. O-O Be7 12. h3 Bxf3 13. Qxf3 dxe5 14. dxe5 Nxe5
15. Bb5+ Kf8 16. Qh5 Bf6 17. Be3 Qa5 18. f4 g6 19. Qe2 Nc6 20. f5 g5 21. Bc5+
Kg7 22. b4 Qc7 23. Rae1 b6 24. Bxc6 Qxc6 25. Be7 Rhe8 26. b5 Qc3 27. Bxf6+ Qxf6
28. Qd3 Rxe1 29. Rxe1 Rd8 30. Rc1 Qe5 31. Rc6 Rd6 32. Rc7 Rf6 33. Rxa7 Rxf5 34.
Rd7 Qe1+ 35. Kh2 Rf1 36. Qd4+ Kg6 37. Rd6+ f6 38. Qd3+ Kh6 0-1

[Event "III Festival A"]
[Site "Condino ITA"]
[Date "1992.08.01"]
[Round "8"]
[White "Buratti, Marco"]
[Black "Mosna, Stefano"]
[WhiteElo "1991"]
[BlackElo "2215"]
[Result "1-0"]
[PlyCount "47"]
[EventDate "1992.07.25"]

1. e4 c5 2. Nf3 Nc6 3. Bb5 g6 4. O-O Bg7 5. c3 Nf6 6. Re1 O-O 7. d4 cxd4 8.
cxd4 d5 9. e5 Ne4 10. Ng5 Nxd4 11. Qxd4 Qa5 12. Rxe4 dxe4 13. Nc3 a6 14. Bf1
Bxe5 15. Qxe4 Bxc3 16. bxc3 Qxc3 17. Qe2 Qxa1 18. Bb2 Qxa2 19. Qe5 f6 20. Qxe7
Rf7 21. Nxf7 Qxf7 22. Bc4 Qxc4 23. Qxf6 Qc7 24. Qh8+ 1-0

[Event "III Festival A"]
[Site "Condino ITA"]
[Date "1992.08.01"]
[Round "8"]
[White "Zelcic, Robert"]
[Black "Laco, Giuseppe"]
[WhiteElo "2390"]
[BlackElo "2285"]
[Result "1-0"]
[PlyCount "75"]
[EventDate "1992.07.25"]

1. e4 c5 2. Nf3 e6 3. d4 cxd4 4. Nxd4 a6 5. c4 Nf6 6. Nc3 Qc7 7. Be3 Bb4 8. Bd3
Bxc3+ 9. bxc3 d5 10. exd5 exd5 11. Qb3 dxc4 12. Qxc4 Qxc4 13. Bxc4 b5 14. Bb3
O-O 15. O-O Bb7 16. Nf5 Nbd7 17. Bd4 Be4 18. Ne3 h6 19. f3 Bg6 20. Rfe1 Rac8
21. c4 bxc4 22. Bxc4 Rc6 23. Bb3 Rfc8 24. h4 Kh7 25. g4 h5 26. g5 Ne8 27. Nd5
Re6 28. Rxe6 fxe6 29. Ne7 Rd8 30. Nxg6 Kxg6 31. Re1 Nf8 32. Bc5 Nc7 33. Re4 Kf7
34. Ra4 Ra8 35. Kf2 Ng6 36. Rd4 Nd5 37. Rxd5 exd5 38. Bxd5+ 1-0